000 00811nam a22002777a 4500
003 BUBTL
008 131027b xxu||||| |||| 00| 0 eng d
020 _a81-203-1246-5
024 _cAvailable
037 _cAvailable
040 _aMBSTU LIBRARY
_dMBSTU LIBRARY
082 _222
_a621.38481OPS
100 _aOppenheim, Alan V.
245 _aSignals and systems.
250 _a2nd
260 _aNew Delhi
_bPrentice Hall of India.
_c2000
300 _a24 cm.
_bxxx, 957 page.
_f1
_g24 cm.
600 _2Radar engineering signal.
650 _2Radar engineering signal.
700 _aOppenheim, Alan V.
856 _k0
_l0
_yDownload
270 _aNew Delhi
_bNew Delhi
_dIndia
365 _b300.00
_d300.00
942 _2ddc
_cBK
999 _c727
_d727